000 00426nam a22001457a 4500
005 20240319145249.0
008 240319b ||||| |||| 00| 0 eng d
040 _cAL
041 _aeng
082 _223
_a659.1
_bROLE
245 _aRole of Advertising in Marketing:
_bA Case Study of the Powermate Inverter System
260 _aMangalore
_bSt Aloysius College
_c1995
700 _aDSOUZA (Stephen)
_9155419
942 _2ddc
_cPRO
999 _c230521
_d230521